Su cuerpo, las palabras /
Kaydedildi:
| Yazar: | |
|---|---|
| Materyal Türü: | Bilinmiyor |
| Dil: | Spanish |
| Baskı/Yayın Bilgisi: |
Guatemala :
Cultura,
1990.
|
| Seri Bilgileri: | (Colección Poesía Guatemalteca Siglo XX ;
número 5) |
| Konular: | |
| Etiketler: |
Etiketle
Etiket eklenmemiş, İlk siz ekleyin!
|
MARC
| LEADER | 000000000a22000000004500 | ||
|---|---|---|---|
| 001 | 001773 | ||
| 041 | 0 | |a spa | |
| 082 | 0 | 4 | |a G861.4 |b N162s |
| 100 | 1 | |a Nájera, Francisco | |
| 245 | 1 | 0 | |a Su cuerpo, las palabras / |c Francisco Nájera. |
| 260 | 1 | |a Guatemala : |b Cultura, |c 1990. | |
| 300 | |a 35 hojas en estuche | ||
| 490 | 1 | |a (Colección Poesía Guatemalteca Siglo XX ; |v número 5) | |
| 500 | |a Otro ejemplar con número de inscripción 14254 | ||
| 650 | 4 | |a LITERATURA GUATEMALTECA | |
| 650 | 4 | |a POESIA | |
| 999 | |c 8442 |d 8442 | ||
| 942 | |c BK |h G861.4 N162s |2 z | ||
